[Event "4NCL/Div3/MIN vs. PPA1"]
[Site "Birmingham ENG"]
[Date "2006.01.15"]
[Round "6.3"]
[White "Almond, Richard"]
[Black "Dignam, Matthew"]
[Result "1/2-1/2"]
[WhiteElo "2073"]
[BlackElo "2172"]
[PlyCount "109"]
[EventDate "2006.01.15"]
[EventType "team"]
[EventRounds "11"]
[EventCountry "ENG"]
[SourceDate "2005.10.25"]

1. d4 Nf6 2. c4 g6 3. Nc3 Bg7 4. e4 d6 5. Nf3 O-O 6. Be2 e5 7. O-O Nc6 8. d5
Ne7 9. Ne1 Nd7 10. f3 f5 11. g4 Kh8 12. Nd3 Ng8 13. Be3 Nb6 14. b3 Bh6 15. Bf2
Bd7 16. c5 Nc8 17. Nb2 Bf4 18. Nd3 Bg5 19. cxd6 cxd6 20. Nb2 h5 21. gxf5 gxf5
22. Bb5 fxe4 23. Bxd7 Qxd7 24. f4 Bxf4 25. Qxh5+ Qh7 26. Qxh7+ Kxh7 27. Nxe4
Nf6 28. Nxf6+ Rxf6 29. Bg3 Ne7 30. Bxf4 exf4 31. Rad1 f3 32. Kf2 Rg8 33. Rg1
Rxg1 34. Rxg1 Ng6 35. Nc4 b5 36. Nd2 Nf4 37. Rf1 Nxd5 38. Nxf3 Nc3 39. Rc1 b4
40. a3 a5 41. axb4 axb4 42. Ke3 Kg6 43. Rg1+ Kf7 44. Nd4 d5 45. Nc2 Re6+ 46.
Kd3 Rh6 47. Rg2 Rh3+ 48. Kd4 Nd1 49. Rd2 Rxb3 50. Rxd1 Rb2 51. Ne3 Rxh2 52. Rb1
Ke6 53. Rxb4 Rh4+ 54. Kc5 Rxb4 55. Kxb4 1/2-1/2

[Event "4NCL/Div3/MIN vs. PPA1"]
[Site "Birmingham ENG"]
[Date "2006.01.15"]
[Round "6.4"]
[White "Morgan, Ben"]
[Black "Howell, Christopher"]
[Result "1-0"]
[WhiteElo "2250"]
[BlackElo "2147"]
[PlyCount "113"]
[EventDate "2006.01.15"]
[EventType "team"]
[EventRounds "11"]
[EventCountry "ENG"]
[SourceDate "2005.10.25"]

1. d4 Nf6 2. c4 g6 3. Nc3 Bg7 4. e4 d6 5. Nf3 O-O 6. h3 Na6 7. Be3 c5 8. d5 e6
9. Bd3 exd5 10. exd5 Nc7 11. a4 Na6 12. O-O Nb4 13. Bb1 b6 14. Qd2 Ba6 15. Nb5
Bxb5 16. axb5 Re8 17. Bh6 Bh8 18. Ng5 Qe7 19. Ra3 Qe2 20. Qc1 a5 21. Rf3 Ra7
22. Qf4 Rae7 23. g3 Qe5 24. Qc1 Qe2 {=} 25. b3 Nd7 26. Kg2 Bd4 27. Rf4 Bb2 28.
Qd1 Qxd1 29. Rxd1 Nf6 30. Nf3 Nh5 31. Rg4 Re2 32. Rd2 Rxd2 33. Bxd2 Kh8 34. Re4
Rxe4 35. Bxe4 f5 36. Bb1 Kg7 37. Ng5 Nf6 38. Ne6+ Kf7 39. f3 Nd7 40. f4 Nf8 41.
Ng5+ Kf6 42. g4 h6 43. Nf3 fxg4 44. hxg4 Kg7 45. Be3 Nd7 46. Nd2 Nf6 47. Kf3 h5
48. g5 Ne8 49. Ke4 Kf7 50. Nf3 Bc3 51. Bf2 Ng7 52. Nh4 Bd2 53. Kf3 Nf5 54. Nxf5
gxf5 55. Bxf5 Na2 56. Bh4 Nc3 57. Bc2 1-0

[Event "4NCL/Div3/MIN vs. PPA1"]
[Site "Birmingham ENG"]
[Date "2006.01.15"]
[Round "6.5"]
[White "Ackley, Peter"]
[Black "Toothill, John"]
[Result "1/2-1/2"]
[WhiteElo "2030"]
[BlackElo "2174"]
[PlyCount "75"]
[EventDate "2006.01.15"]
[EventType "team"]
[EventRounds "11"]
[EventCountry "ENG"]
[SourceDate "2005.10.25"]

1. g3 Nf6 2. Bg2 d5 3. f4 c5 4. Nf3 Nc6 5. O-O b6 6. d3 Bb7 7. Qe1 Qc7 8. Na3
e6 9. c3 Be7 10. Nc2 Ba6 11. Rb1 c4 12. d4 O-O 13. Nd2 Bb7 14. e4 dxe4 15. Nxe4
Rad8 16. Nxf6+ Bxf6 17. Ne3 g6 18. d5 exd5 19. Nxd5 Qd6 20. Nxf6+ Qxf6 21. f5
Rfe8 22. Qf2 Rd7 23. fxg6 Qxf2+ 24. Rxf2 Re1+ 25. Rf1 Rxf1+ 26. Kxf1 fxg6 27.
Bf4 Ne7 28. Bxb7 Rxb7 29. Rd1 Kf7 30. Kf2 b5 31. g4 a5 32. a3 b4 33. axb4 axb4
34. cxb4 Rxb4 35. Be5 Rb5 36. Bc3 Nd5 37. Rd4 Rc5 38. Kf3 1/2-1/2

[Event "4NCL/Div3/MIN vs. PPA1"]
[Site "Birmingham ENG"]
[Date "2006.01.15"]
[Round "6.6"]
[White "Rosen, Daniel B"]
[Black "Parker, Robert"]
[Result "1-0"]
[WhiteElo "2144"]
[BlackElo "2087"]
[PlyCount "71"]
[EventDate "2006.01.15"]
[EventType "team"]
[EventRounds "11"]
[EventCountry "ENG"]
[SourceDate "2005.10.25"]

1. e4 e5 2. Nf3 Nc6 3. Bb5 a6 4. Ba4 Nf6 5. O-O Be7 6. Re1 b5 7. Bb3 O-O 8. h3
d6 9. c3 Nb8 10. d4 Nbd7 11. Nbd2 Bb7 12. Bc2 Re8 13. Nf1 Bf8 14. Ng3 g6 15.
Bd2 c5 16. d5 c4 17. Be3 Qc7 18. Nh2 Bg7 19. Ng4 Nxg4 20. hxg4 Qd8 21. Qd2 Qe7
22. f3 Bf6 23. Kf2 Bh4 24. Rh1 Bxg3+ 25. Kxg3 f6 26. a4 Nf8 27. g5 Nd7 28. Kf2
Rf8 29. Rh6 Rf7 30. Rah1 Rc8 31. Ke2 fxg5 32. Bxg5 Nf6 33. Qe1 Rc7 34. Qh4 Bc8
35. Rxg6+ hxg6 36. Qh8# 1-0

[Event "4NCL/Div3/MIN vs. PPA1"]
[Site "Birmingham ENG"]
[Date "2006.01.15"]
[Round "6.7"]
[White "Kelly, Paul J"]
[Black "Goodger, Martyn"]
[Result "0-1"]
[WhiteElo "1945"]
[BlackElo "2135"]
[PlyCount "104"]
[EventDate "2006.01.15"]
[EventType "team"]
[EventRounds "11"]
[EventCountry "ENG"]
[SourceDate "2005.10.25"]

1. d4 f5 2. Bg5 h6 3. Bh4 g5 4. e4 Nf6 5. e5 e6 6. Bg3 f4 7. Bxf4 gxf4 8. exf6
Qxf6 9. Be2 Bg7 10. Bh5+ Kd8 11. c3 Nc6 12. Nh3 e5 13. d5 Ne7 14. O-O d6 15. c4
Bf5 16. Nc3 Rg8 17. Kh1 Ng6 18. g4 Bd7 19. Ne4 Qh4 20. Qf3 Bf8 21. Rac1 Ne7 22.
Rg1 Rg7 23. Rc3 Ng8 24. Rb3 b6 25. Rc3 a5 26. b3 Nf6 27. Nxf6 Qxf6 28. Rc2 Qh4
29. a3 Be7 30. Re2 Rc8 31. a4 c6 32. Rd2 cxd5 33. cxd5 e4 34. Qg2 f3 35. Qg3
Qxg3 36. hxg3 Bxg4 37. Nf4 Bf5 38. g4 Bd7 39. Bg6 Bg5 40. Bxe4 Bxf4 41. Rd3
Rxg4 42. Rxg4 Bxg4 43. Bxf3 Bh3 44. Bd1 Bf5 45. Rd4 Be5 46. Rd2 Bc3 47. Ra2
Be4+ 48. f3 Bxd5 49. Rg2 Be5 50. Rd2 Be6 51. Kg2 Rc3 52. Kf2 Bxb3 0-1

[Event "4NCL/Div3/MIN vs. PPA1"]
[Site "Birmingham ENG"]
[Date "2006.01.15"]
[Round "6.8"]
[White "Sirisena, Anuk"]
[Black "McFarland, Susan"]
[Result "1-0"]
[WhiteElo "1860"]
[BlackElo "1715"]
[PlyCount "25"]
[EventDate "2006.01.15"]
[EventType "team"]
[EventRounds "11"]
[EventCountry "ENG"]
[SourceDate "2005.10.25"]

1. e4 g6 2. d4 Bg7 3. Nc3 a6 4. Nf3 d6 5. Be3 Nf6 6. Be2 O-O 7. Qd2 Nbd7 8. h4
e5 9. Bh6 Re8 10. Bxg7 Kxg7 11. h5 h6 12. hxg6 Ng8 13. gxf7 1-0

[Event "4NCL/Div3/PPA2 vs. WES2"]
[Site "Birmingham ENG"]
[Date "2006.01.15"]
[Round "6.1"]
[White "Kemp, Paul"]
[Black "Clark, Ian C"]
[Result "1/2-1/2"]
[WhiteElo "2125"]
[BlackElo "2133"]
[PlyCount "43"]
[EventDate "2006.01.15"]
[EventType "team"]
[EventRounds "11"]
[EventCountry "ENG"]
[SourceDate "2005.10.25"]

1. e4 c5 2. c3 Nf6 3. e5 Nd5 4. d4 e6 5. Nf3 cxd4 6. cxd4 Nc6 7. Nc3 Nb6 8. a3
d6 9. Bd3 Be7 10. O-O a6 11. Qe2 d5 12. Be3 f6 13. exf6 Bxf6 14. Ne5 Ke7 15. f4
Qe8 16. b4 Bd7 17. Qb2 Na7 18. b5 a5 19. Rac1 Nac8 20. a4 g6 21. Qf2 Nd6 22.
Qf3 1/2-1/2

[Event "4NCL/Div3/PPA2 vs. WES2"]
[Site "Birmingham ENG"]
[Date "2006.01.15"]
[Round "6.2"]
[White "Gregory, Keith D"]
[Black "Winfridsson, Ola"]
[Result "0-1"]
[WhiteElo "2093"]
[BlackElo "2099"]
[PlyCount "60"]
[EventDate "2006.01.15"]
[EventType "team"]
[EventRounds "11"]
[EventCountry "ENG"]
[SourceDate "2005.10.25"]

1. Nf3 e6 2. g3 Nf6 3. Bg2 a6 4. O-O b5 5. b3 Bb7 6. Bb2 c5 7. d3 Be7 8. c4 O-O
9. Nbd2 Nc6 10. Ne5 Qc7 11. Nxc6 Bxc6 12. Bxc6 Qxc6 13. Rc1 d5 14. Rc2 Rfd8 15.
Qa1 bxc4 16. bxc4 d4 17. Rb1 {=} e5 18. f3 Nh5 19. Bc1 Qe6 20. Kg2 f5 21. Rb7
Bd6 22. Rcb2 Nf6 23. Qb1 h5 24. Qc2 h4 25. Nf1 e4 26. dxe4 fxe4 27. fxe4 h3+
28. Kg1 Nxe4 29. Qd3 Rf8 30. R7b6 Qg4 0-1

[Event "4NCL/Div3/PPA2 vs. WES2"]
[Site "Birmingham ENG"]
[Date "2006.01.15"]
[Round "6.3"]
[White "Bailey, Kevin"]
[Black "Rutter, Nicholas"]
[Result "1/2-1/2"]
[WhiteElo "2089"]
[BlackElo "2133"]
[PlyCount "31"]
[EventDate "2006.01.15"]
[EventType "team"]
[EventRounds "11"]
[EventCountry "ENG"]
[SourceDate "2005.10.25"]

1. c4 e6 2. g3 d5 3. Bg2 Nf6 4. Nf3 Nbd7 5. b3 b6 6. O-O Bb7 7. Bb2 Be7 8. e3
O-O 9. Qe2 c5 10. Nc3 Ne4 11. d3 Nxc3 12. Bxc3 Bf6 13. Qb2 Bxc3 14. Qxc3 dxc4
15. dxc4 Qf6 16. Qxf6 1/2-1/2

[Event "4NCL/Div3/PPA2 vs. WES2"]
[Site "Birmingham ENG"]
[Date "2006.01.15"]
[Round "6.4"]
[White "Pym, Thomas W"]
[Black "Retallick, Lloyd"]
[Result "1-0"]
[WhiteElo "2073"]
[BlackElo "2080"]
[PlyCount "37"]
[EventDate "2006.01.15"]
[EventType "team"]
[EventRounds "11"]
[EventCountry "ENG"]
[SourceDate "2005.10.25"]

1. e4 c6 2. Nc3 d5 3. Nf3 Bg4 4. h3 Bxf3 5. Qxf3 e6 6. Qg3 Nf6 7. e5 Ne4 8.
Nxe4 dxe4 9. c3 Nd7 10. d4 exd3 11. Bf4 d2+ 12. Bxd2 Qa5 13. Bf4 g6 14. Be2 Bg7
15. b4 Qc7 16. Rd1 Rd8 17. Bg5 Bxe5 18. Bxd8 Qxd8 19. Rxd7 1-0

[Event "4NCL/Div3/PPA2 vs. WES2"]
[Site "Birmingham ENG"]
[Date "2006.01.15"]
[Round "6.5"]
[White "McCorry, Rob"]
[Black "Hopkins, Jamie R"]
[Result "0-1"]
[WhiteElo "2080"]
[BlackElo "2137"]
[PlyCount "80"]
[EventDate "2006.01.15"]
[EventType "team"]
[EventRounds "11"]
[EventCountry "ENG"]
[SourceDate "2005.10.25"]

1. d4 d6 2. c4 e5 3. Nc3 exd4 4. Qxd4 Nc6 5. Qd2 Be6 6. b3 a5 7. Bb2 Nf6 8. e4
Be7 9. Be2 O-O 10. Nf3 Nd7 11. Nd5 Nc5 12. Qc3 f6 13. Nd2 Bf7 {=} 14. O-O Bg6
15. f3 Ne6 16. Qe3 Re8 17. a3 Bf8 18. b4 f5 19. Bd3 fxe4 20. Nxe4 Ne5 21. Bxe5
dxe5 22. Nf2 Bxd3 23. Nxd3 Nd4 24. Qe4 c6 25. Ne3 Ne2+ 26. Kh1 Nc3 27. Qf5 g6
28. Qh3 Qxd3 29. Ng4 Bg7 30. b5 e4 31. bxc6 bxc6 32. Nf2 Qxc4 33. Rac1 e3 34.
Ne4 e2 35. Rfe1 Nxe4 36. fxe4 Qxe4 37. Qb3+ Qe6 38. Qf3 Qe4 39. Rxc6 Qxf3 40.
gxf3 Rad8 0-1

[Event "4NCL/Div3/PPA2 vs. WES2"]
[Site "Birmingham ENG"]
[Date "2006.01.15"]
[Round "6.7"]
[White "McMahon, Paul"]
[Black "Ferrington, Nigel M"]
[Result "0-1"]
[WhiteElo "2031"]
[BlackElo "2115"]
[PlyCount "72"]
[EventDate "2006.01.15"]
[EventType "team"]
[EventRounds "11"]
[EventCountry "ENG"]
[SourceDate "2005.10.25"]

1. Nc3 c5 2. Nf3 Nf6 3. e4 d6 4. Bc4 e6 5. e5 dxe5 6. Nxe5 a6 7. a4 Qc7 8. Qe2
Bd6 9. f4 O-O 10. O-O Bxe5 11. fxe5 Nfd7 12. d3 Qxe5 13. Qf3 Nc6 14. Bf4 Qd4+
15. Be3 Qd6 16. Ne4 Qe7 17. Qh5 Nce5 18. Rf4 Ng6 19. Raf1 Nxf4 20. Rxf4 g6 21.
Qh6 f5 22. Ng5 Nf6 23. h3 b5 24. axb5 axb5 25. Bxb5 Ra1+ 26. Kh2 Qc7 27. Bc4
Nd5 28. Bxd5 exd5 29. g3 d4 30. Bf2 Qg7 31. Qh4 h6 32. g4 hxg5 33. Qxg5 Qf6 34.
Qh6 g5 35. Qxf6 Rxf6 36. Rf3 Bb7 0-1

[Event "4NCL/Div3/PPA2 vs. WES2"]
[Site "Birmingham ENG"]
[Date "2006.01.15"]
[Round "6.8"]
[White "Norman, Dinah"]
[Black "Vann, Monica S"]
[Result "1/2-1/2"]
[WhiteElo "2017"]
[BlackElo "1810"]
[PlyCount "44"]
[EventDate "2006.01.15"]
[EventType "team"]
[EventRounds "11"]
[EventCountry "ENG"]
[SourceDate "2005.10.25"]

1. d4 Nf6 2. Nf3 d6 3. c4 g6 4. Nc3 Bg7 5. Bg5 h6 6. Bh4 O-O 7. e3 Bg4 8. Be2
c6 9. O-O Nbd7 10. Qc2 e5 11. dxe5 dxe5 12. Rad1 Qc7 13. h3 Bf5 14. e4 Be6 15.
Bg3 Nh5 16. Bh2 a5 17. Rfe1 Nf4 18. Bxf4 exf4 19. Nd4 Rad8 20. Nxe6 fxe6 21.
Bg4 Rde8 22. Be2 Ne5 1/2-1/2

[Event "4NCL/Div3/KHE vs. FCA1"]
[Site "Birmingham ENG"]
[Date "2006.01.15"]
[Round "6.1"]
[White "McMichael, Richard"]
[Black "Hetey, Laszlo"]
[Result "0-1"]
[WhiteElo "2272"]
[BlackElo "2322"]
[PlyCount "82"]
[EventDate "2006.01.15"]
[EventType "team"]
[EventRounds "11"]
[EventCountry "ENG"]
[SourceDate "2005.10.25"]

1. c4 c5 2. g3 g6 3. Bg2 Bg7 4. Nc3 Nf6 5. e4 d6 6. Nge2 Nc6 7. O-O O-O 8. h3
a6 9. f4 Rb8 10. d3 Nd4 11. Nxd4 cxd4 12. Ne2 Nd7 13. b3 b5 14. cxb5 Rxb5 15.
Kh2 a5 16. g4 Qb6 17. Ng3 a4 18. bxa4 Rb1 19. Rxb1 Qxb1 20. Rf2 Ba6 21. Rb2
Qxd3 22. Rd2 Qb1 23. Rb2 Qa1 24. Rd2 Rc8 25. Bb2 Qxd1 26. Rxd1 d3 27. Bxg7 Kxg7
28. Nf1 Rc2 29. Rd2 Nc5 30. Kg3 Nxa4 31. Bf3 Nc3 32. e5 dxe5 33. fxe5 Nxa2 34.
Bd1 Nb4 35. Rf2 Rc5 36. Bb3 e6 37. Kf4 Nc6 38. Nd2 Rxe5 39. Ne4 f6 40. g5 fxg5+
41. Nxg5 Rf5+ 0-1

[Event "4NCL/Div3/KHE vs. FCA1"]
[Site "Birmingham ENG"]
[Date "2006.01.15"]
[Round "6.2"]
[White "Macdonald-Ross, Michael"]
[Black "Khantuev, Alexander"]
[Result "0-1"]
[WhiteElo "2207"]
[BlackElo "2302"]
[PlyCount "72"]
[EventDate "2006.01.15"]
[EventType "team"]
[EventRounds "11"]
[EventCountry "ENG"]
[SourceDate "2005.10.25"]

1. d4 Nf6 2. Nf3 e6 3. e3 c5 4. Bd3 b6 5. c4 Bb7 6. O-O Be7 7. Nc3 a6 8. b3 O-O
9. Bb2 cxd4 10. exd4 d5 11. Qe2 Nc6 12. Rad1 Re8 13. Rfe1 Bf8 14. Qe3 Ne7 15.
Ne5 Qc7 16. Rc1 dxc4 17. bxc4 Ng6 18. f4 Rad8 19. Nb1 Nh4 20. Re2 Nf5 21. Bxf5
exf5 22. Qh3 Ng4 23. Rd2 Be4 24. Nc3 Nxe5 25. fxe5 Rxe5 26. Nd5 Rexd5 27. cxd5
Qd7 28. Ba3 Bxd5 29. Bxf8 Rxf8 30. Qg3 Re8 31. Qc7 Qb5 32. Qd6 h6 33. Qf4 Qb4
34. Rdd1 g6 35. Qxh6 Qb2 36. Qd2 Re1+ 0-1

[Event "4NCL/Div3/KHE vs. FCA1"]
[Site "Birmingham ENG"]
[Date "2006.01.15"]
[Round "6.3"]
[White "Ruecker, Benjamin"]
[Black "Constantinou, Peter"]
[Result "1/2-1/2"]
[WhiteElo "2229"]
[BlackElo "2137"]
[PlyCount "134"]
[EventDate "2006.01.15"]
[EventType "team"]
[EventRounds "11"]
[EventCountry "ENG"]
[SourceDate "2005.10.25"]

1. d4 g6 2. c4 Bg7 3. Nc3 c5 4. d5 Bxc3+ 5. bxc3 f5 6. g4 fxg4 7. h3 d6 8. hxg4
Bxg4 9. Bh3 Nf6 10. f3 Bxh3 11. Nxh3 Qa5 12. Qb3 Nbd7 13. Ng5 Nb6 14. Ne6 Kd7
15. a4 Rab8 16. Bh6 Ne8 {=} 17. Nf8+ Kd8 18. Rh4 Nd7 19. Ne6+ Kc8 20. Kd2 Ndf6
21. Rb1 b6 22. e3 Rb7 23. Qc2 Rd7 24. Rb5 Qa6 25. Rh1 Nc7 26. Nxc7 Kxc7 27. a5
Rb8 28. Ra1 Qc8 29. Qa4 Qb7 30. a6 Qa8 31. Rh1 Rg8 32. Rbb1 Rdd8 33. e4 Nh5 34.
Rbe1 Qc8 35. e5 Qd7 36. Qc2 Rde8 37. e6 Qc8 38. Qa4 Kb8 39. Ref1 Ng3 40. f4
Nxh1 41. Rxh1 Qc7 42. Qb5 Ka8 43. Ke3 Rc8 44. Ke4 Qd8 45. Rh2 Qe8 46. Bg5 h5
47. Rb2 Kb8 48. Qa5 Kc7 49. Qb5 Rh8 50. Bh4 Qxb5 51. cxb5 Rh7 52. c4 Rg8 53.
Rg2 Kd8 54. Rh2 Ke8 55. Rh3 Rf8 56. Rf3 Rf5 57. Rg3 Rg7 58. Bg5 Rg8 59. Ke3 Rh8
60. Bh4 Rh6 61. Ke4 Kf8 62. Bg5 Rh7 63. Bh4 Rg7 64. Rg2 Ke8 65. Rg3 Rf8 66. Rg5
Rf5 67. Rg2 Rf8 1/2-1/2

[Event "4NCL/Div3/KHE vs. FCA1"]
[Site "Birmingham ENG"]
[Date "2006.01.15"]
[Round "6.4"]
[White "Smith, Graham"]
[Black "Thomas, Richard H"]
[Result "1/2-1/2"]
[WhiteElo "2138"]
[BlackElo "2219"]
[PlyCount "33"]
[EventDate "2006.01.15"]
[EventType "team"]
[EventRounds "11"]
[EventCountry "ENG"]
[SourceDate "2005.10.25"]

1. b3 f5 2. Bb2 Nf6 3. g3 e6 4. Bg2 Be7 5. f4 c5 6. c4 O-O 7. Nf3 Nc6 8. O-O d5
9. cxd5 Nxd5 10. Nc3 b6 11. a3 Bf6 12. Qc2 Ba6 13. Rfe1 Rc8 14. Nxd5 exd5 15.
e3 Qd7 16. Bxf6 Rxf6 17. Qb2 1/2-1/2

[Event "4NCL/Div3/KHE vs. FCA1"]
[Site "Birmingham ENG"]
[Date "2006.01.15"]
[Round "6.5"]
[White "Spivack, Simon"]
[Black "Fraser-Mitchell, Jeremy"]
[Result "1-0"]
[WhiteElo "2195"]
[BlackElo "2107"]
[PlyCount "43"]
[EventDate "2006.01.15"]
[EventType "team"]
[EventRounds "11"]
[EventCountry "ENG"]
[SourceDate "2005.10.25"]

1. e4 e6 2. d3 d5 3. Nd2 c5 4. Ngf3 Nc6 5. g3 Bd6 6. Bg2 Nge7 7. O-O Qc7 8. Qe2
Bd7 9. c4 d4 10. e5 Nxe5 11. Nxe5 Bxe5 12. Bxb7 Rb8 13. Bg2 O-O 14. Ne4 f6 15.
Re1 Ng6 16. a3 Rb3 17. Nd2 Rb6 18. b4 cxb4 19. axb4 Rfb8 20. Ba3 Rxb4 21. Bxb4
Rxb4 22. Qf3 1-0

[Event "4NCL/Div3/KHE vs. FCA1"]
[Site "Birmingham ENG"]
[Date "2006.01.15"]
[Round "6.6"]
[White "Freeman, Richard C P"]
[Black "Mackenzie, Colin"]
[Result "1/2-1/2"]
[WhiteElo "2088"]
[BlackElo "2144"]
[PlyCount "54"]
[EventDate "2006.01.15"]
[EventType "team"]
[EventRounds "11"]
[EventCountry "ENG"]
[SourceDate "2005.10.25"]

1. d4 e6 2. Nf3 Nf6 3. Bf4 c5 4. e3 d5 5. Nbd2 Nc6 6. c3 Be7 7. h3 O-O 8. Bd3
b6 9. Ne5 Nxe5 10. Bxe5 Nd7 11. Qh5 g6 12. Qg4 f5 13. Qf3 Nxe5 14. dxe5 Qc7 15.
Qg3 d4 16. cxd4 cxd4 17. exd4 Qd8 18. Nf3 Bb4+ 19. Ke2 Bb7 20. Qf4 Be7 21. h4
Rc8 22. Rh3 Bd5 23. b3 Rc6 24. Rah1 Qa8 25. Rg3 Be4 26. Bc4 Bd5 27. Bd3 Be4
1/2-1/2

[Event "4NCL/Div3/KHE vs. FCA1"]
[Site "Birmingham ENG"]
[Date "2006.01.15"]
[Round "6.7"]
[White "Okike, David C"]
[Black "Kendall, Paul S N"]
[Result "1-0"]
[WhiteElo "2158"]
[BlackElo "2078"]
[PlyCount "109"]
[EventDate "2006.01.15"]
[EventType "team"]
[EventRounds "11"]
[EventCountry "ENG"]
[SourceDate "2005.10.25"]

1. e4 e5 2. Nf3 Nc6 3. Bb5 a6 4. Ba4 Nf6 5. O-O Be7 6. Re1 b5 7. Bb3 d6 8. c3
O-O 9. h3 Na5 10. Bc2 c5 11. d4 Qc7 12. Nbd2 cxd4 13. cxd4 Nc6 14. d5 Nb4 15.
Bb1 a5 16. Nf1 Bd7 17. Bd2 Na6 18. Bc2 b4 19. Rc1 Qb7 20. Be3 Rfc8 21. Ng3 Nc5
22. Nd2 Qb5 23. f4 exf4 24. Bxf4 Nd3 25. Bxd3 Qxd3 26. Nc4 Qxd1 27. Rexd1 Ra6
28. b3 h5 {=} 29. Bg5 g6 30. Rc2 Bd8 31. Rf1 Nh7 32. Bxd8 Rxd8 33. h4 Be8 34.
Ne3 Nf8 35. Rc7 Raa8 36. Nc4 Ra6 37. Rf6 Nh7 38. Rf4 Kg7 39. Ne2 Kg8 40. Nd4
Nf8 41. g4 hxg4 42. Rxg4 Bd7 43. Rf4 a4 44. Rf6 axb3 45. axb3 Be8 46. Rb7 Nd7
47. Rxd6 Rxd6 48. Nxd6 Nc5 49. Rb6 Nd3 50. Kf1 Bd7 51. Ke2 Ne5 52. Nc4 Nxc4 53.
bxc4 Ra8 54. Rxb4 Ra2+ 55. Ke3 1-0

[Event "4NCL/Div3/KHE vs. FCA1"]
[Site "Birmingham ENG"]
[Date "2006.01.15"]
[Round "6.8"]
[White "Evans, Helen"]
[Black "Hale, Katie L W"]
[Result "0-1"]
[WhiteElo "1725"]
[BlackElo "1805"]
[PlyCount "62"]
[EventDate "2006.01.15"]
[EventType "team"]
[EventRounds "11"]
[EventCountry "ENG"]
[SourceDate "2005.10.25"]

1. d4 e6 2. Bf4 f5 3. e3 Nf6 4. Bd3 Be7 5. Nf3 O-O 6. h3 d6 7. c3 Nc6 8. Nbd2
Qe8 9. g4 Nd5 10. Bh2 f4 11. e4 Nf6 12. e5 dxe5 13. dxe5 Nd7 14. Qe2 Qd8 15.
O-O-O Ndxe5 16. Qe4 Nxd3+ 17. Kc2 Nxf2 18. Qc4 Nxh1 19. Rxh1 Kh8 20. Bxf4 Bd6
21. Bg5 Qe8 22. h4 e5 23. Re1 h6 24. Qe4 Qe6 25. Rg1 Qxa2 26. Nc4 Qa4+ 27. Kd2
Rxf3 28. Qxf3 Qxc4 29. Bxh6 gxh6 30. Qf6+ Kh7 31. Rf1 Bxg4 0-1

[Event "4NCL/Div3/SLOS2 vs. HKFC"]
[Site "Birmingham ENG"]
[Date "2006.01.15"]
[Round "6.1"]
[White "Szczerbak, Jaroslaw"]
[Black "Tavoularis, Nicholas"]
[Result "1/2-1/2"]
[WhiteElo "2137"]
[BlackElo "2182"]
[PlyCount "155"]
[EventDate "2006.01.15"]
[EventType "team"]
[EventRounds "11"]
[EventCountry "ENG"]
[SourceDate "2005.10.25"]

1. e4 c5 2. f4 d5 3. exd5 Qxd5 4. Nc3 Qd8 5. Bb5+ Bd7 6. Bxd7+ Qxd7 7. Nf3 Nc6
8. O-O g6 9. b3 Bg7 10. Bb2 Nh6 11. Na4 Bxb2 12. Nxb2 O-O 13. Nd3 Qd5 14. Nde5
Rad8 15. Nxc6 Qxc6 16. Qe2 Nf5 17. Rac1 e6 18. Rfd1 Nd4 19. Nxd4 cxd4 20. c4 d3
21. Qe3 Qa6 22. a4 Rd7 23. Rc3 Rfd8 24. Rf1 Rd4 25. Qf3 Qb6 26. Kh1 a5 27. Re1
Qb4 28. h4 b6 29. g3 Kg7 30. Kg2 Qd6 31. Re4 h6 32. Kf1 Rd7 33. Qe3 Rxe4 34.
Qxe4 f6 35. Kf2 e5 36. f5 gxf5 37. Qxf5 Qd4+ 38. Kf1 Rd6 39. h5 Kf7 40. Qg6+
Ke7 41. Qxh6 Qe4 42. c5 Qf3+ 43. Kg1 Qxg3+ 44. Kf1 Rd4 45. Rc4 Rxc4 46. bxc4
bxc5 47. Qh7+ Ke6 48. Qb7 Qh3+ 49. Kg1 Qg4+ 50. Kf2 Qe2+ 51. Kg3 Qxd2 52. Qd5+
Kf5 53. Qd7+ Ke4 54. Qd5+ Ke3 55. Qxc5+ Ke2 56. Qf2+ Kd1 57. Qxd2+ Kxd2 58. h6
Kc3 59. h7 d2 60. h8=Q d1=Q 61. Qxf6 Qe1+ 62. Kg4 Kxc4 63. Qb6 Qe4+ 64. Kg5 Qd5
65. Qa6+ Kb4 66. Qe2 Kxa4 67. Qc2+ Kb4 68. Qb2+ Kc5 69. Qc3+ Kd6 70. Qa3+ Ke6
71. Qh3+ Ke7 72. Qa3+ Kf7 73. Kf5 e4+ 74. Kf4 Ke6 75. Qf8 Qd3 76. Qf5+ Kd6 77.
Qe5+ Kc6 78. Qxe4+ 1/2-1/2

[Event "4NCL/Div3/SLOS2 vs. HKFC"]
[Site "Birmingham ENG"]
[Date "2006.01.15"]
[Round "6.2"]
[White "Hagesaether, Arne"]
[Black "Kahar, Krunal"]
[Result "1/2-1/2"]
[WhiteElo "2182"]
[BlackElo "2209"]
[PlyCount "27"]
[EventDate "2006.01.15"]
[EventType "team"]
[EventRounds "11"]
[EventCountry "ENG"]
[SourceDate "2005.10.25"]

1. e4 c5 2. Nf3 Nc6 3. d4 cxd4 4. Nxd4 e6 5. Be3 Nf6 6. Nd2 e5 7. Nxc6 dxc6 8.
Be2 Be6 {=} 9. O-O Be7 10. c3 O-O 11. h3 Qc7 12. Qc2 Rfd8 13. Rfd1 c5 14. c4
1/2-1/2

[Event "4NCL/Div3/SLOS2 vs. HKFC"]
[Site "Birmingham ENG"]
[Date "2006.01.15"]
[Round "6.3"]
[White "Rudolf, Anna"]
[Black "Forman, Karl L"]
[Result "0-1"]
[WhiteElo "2202"]
[BlackElo "2026"]
[PlyCount "72"]
[EventDate "2006.01.15"]
[EventType "team"]
[EventRounds "11"]
[EventCountry "ENG"]
[SourceDate "2005.10.25"]

1. e4 Nf6 2. e5 Nd5 3. d4 d6 4. c4 Nb6 5. exd6 exd6 6. Nc3 Nc6 7. Be3 Be7 8.
Qf3 O-O 9. h4 Be6 10. b3 Qc8 11. Be2 a5 {=} 12. a4 Bf5 13. g4 Bc2 14. Bd1 Nb4 {
=} 15. Nge2 c5 16. Kd2 Bd3 17. d5 Nd7 18. Qg3 Ne5 19. Nc1 Re8 20. f4 Nxc4+ 21.
bxc4 Bxc4 22. g5 Nxd5 23. Bg4 Nxc3 24. Kxc3 Be6 25. Bxe6 Qxe6 26. Re1 d5 27.
Bf2 d4+ 28. Kd2 Qd5 29. Re5 Qc4 30. Rb1 Bd6 31. Rxe8+ Rxe8 32. Rxb7 Qd5 33. Rb5
Qe4 34. Nd3 c4 35. Rb6 cxd3 36. Qxd3 Bxf4+ 0-1

[Event "4NCL/Div3/SLOS2 vs. HKFC"]
[Site "Birmingham ENG"]
[Date "2006.01.15"]
[Round "6.4"]
[White "Stinton-Brownbridge, Michael"]
[Black "Nelson, Omowale"]
[Result "0-1"]
[WhiteElo "2000"]
[BlackElo "2089"]
[PlyCount "52"]
[EventDate "2006.01.15"]
[EventType "team"]
[EventRounds "11"]
[EventCountry "ENG"]
[SourceDate "2005.10.25"]

1. d4 d5 2. c4 dxc4 3. e4 e5 4. Nf3 exd4 5. Bxc4 Bb4+ 6. Nbd2 Nf6 7. Bxf7+ Kf8
8. Qb3 Qe7 9. e5 Bxd2+ 10. Bxd2 Qxf7 11. Qa3+ Kg8 12. Ng5 Qd5 13. exf6 gxf6 14.
Nf3 c5 15. O-O Kf7 16. Bf4 Nc6 17. Rfe1 Rg8 18. Bg3 Bg4 19. Rac1 b6 20. Nd2 Rg7
21. Ne4 f5 22. Nd6+ Kg8 23. Ne8 Rxe8 24. Rxe8+ Kf7 25. Rce1 f4 26. Bh4 Be6 0-1